000 00858cam a2200205 i 4500
999 _c1409
_d1409
020 _a0710086296 :
050 0 0 _aH62.5.G7
_bE95 1977
100 _aKeith Robinson
110 _aRobert Wilson.
245 0 0 _aExtending economics within the curriculum /
_cedited by Keith Robinson and Robert Wilson on behalf of the Economics Association.
260 _aLondon :
_bRoutledge and K. Paul,
_c1977.
300 _axiii, 201 p. ;
_c24 cm.
500 _aIncludes index.
505 _aintroduction Part one General curriculum issues-- Part two Economics education for the younger pupil-- part three Economics for less academic pupil- Part four Economic at school and further education level
650 0 _aEconomics
_xStudy and teaching (Secondary)
700 1 _aRobinson, Keith.
700 1 _aWilson, Robert
710 2 _aEconomics Association.
942 _cBK